00294nam a22000977a 4500003000400000082001600004245010100020260004800121300001500169546001200184OSt a630bGOI/RE aReport of the National commission on agriculture1976:bpart xi research, education and extension aNew DelhibController of publicationsc1976 aviii,270p. aEnglish